[Event "1/8 Finale"]
[Site "www.chess-mail.com"]
[Date "2017.02.16"]
[Round "1"]
[White "Yomismista"]
[Black "Paaliaq"]
[WhiteElo "2470"]
[BlackElo "2660"]
[Result "1/2-1/2"]
[Round "1"]
1.d4 f5
2.e4 fxe4
3.Nb1c3 Ng8f6
4.Bc1g5 c6
5.f3 d5
6.fxe4 dxe4
7.Bf1c4 Nb8d7
8.Bc4b3 Qd8a5
9.Qd1d2 h6
10.Bg5e3 e5
11.Ng1e2 c5
12.dxe5 Nd7xe5
13.Nc3d5 Qa5xd2
14.Be3xd2 Bf8d6
15.Ne2c3 Bc8d7
16.Nd5xf6 gxf6
17.Nc3xe4 Bd6e7
18.Bb3d5 O-O-O
19.O-O Bd7b5
20.Bd5e6 Kb8
21.Rf1f2 Rd8d4
22.Ra1e1 Rh8d8
23.c3 Rd4a4
24.Be6b3 Ra4a6
25.Bd2f4 c4
26.a4 Bb5c6
27.Bb3xc4 Ra6xa4
28.b3 Ra4xc4
29.bxc4 Bc6xe4
30.Re1xe4 Be7c5
31.Kf1 Bc5xf2
32.Kxf2 Kc7
33.Bf4xe5 fxe5
34.Re4xe5 Rd8d2
35.Kf1 { draw }
1/2-1/2

[Event "1/128 Finale"]
[Site "www.chess-mail.com"]
[Date "2017.02.16"]
[Round "1"]
[White "Gambitplayer"]
[Black "Yaw1"]
[WhiteElo "1710"]
[BlackElo "1809"]
[Result "1-0"]
[Round "1"]
1.e4 e5
2.Nb1c3 Ng8f6
3.g3 c6
4.Bf1g2 d5
5.exd5 cxd5
6.d4 e4
7.Bc1g5 Bc8e6
8.Ng1e2  { time }
1-0

[Event "Eq:Slap Shot Mates-Team USA : "]
[Site "www.chess-mail.com"]
[Date "2017.02.16"]
[Round "1"]
[White "Mustaphly"]
[Black "Uji40"]
[WhiteElo "2740"]
[BlackElo "2070"]
[Result "1-0"]
[Round "1"]
1.d4 d5
2.Ng1f3 Ng8f6
3.c4 c6
4.Nb1c3 h6
5.cxd5 cxd5
6.Bc1f4 a6
7.e3 Nb8c6
8.Nf3e5 Nf6h7
9.Qd1c2 e6
10.Ne5xc6 bxc6
11.Bf1d3 Bf8d6
12.Bf4xd6 Qd8xd6
13.Bd3xh7 e5
14.dxe5 Qd6xe5
15.O-O Bc8d7
16.Bh7d3 g6
17.Nc3a4 O-O
18.Na4b6 Ra8d8
19.Bd3xa6 Qe5e6
20.Nb6xd7 Qe6xd7
21.Rf1c1 Rf8e8
22.Qc2xc6 Qd7xc6
23.Rc1xc6 d4
24.exd4 Rd8xd4
25.a4 Rd4e4
26.Kf1 Re4e6
27.Ra1c1 Re6e2
28.Ba6xe2 { resign }
1-0

[Event "Fast Game"]
[Site "www.echecsemail.com"]
[Date "2017.02.16"]
[Round "1"]
[White "Ingauno64"]
[Black "Attatroll"]
[WhiteElo "1959"]
[BlackElo "1870"]
[Result "1-0"]
[Round "1"]
1.Ng1f3 d5
2.c4 dxc4
3.e4 Ng8f6
4.e5 Nf6d5
5.Bf1xc4 e6
6.O-O Bf8c5
7.d4 Bc5b6
8.Nb1c3 Nd5xc3
9.bxc3 O-O
10.Bc1a3 Rf8e8
11.Qd1e2 Nb8c6
12.Qe2e4 Nc6e7
13.Bc4d3 Ne7g6
14.h4 h5
15.Nf3g5 c6
16.Qe4f3 Ng6f8
17.Qf3xf7 Kh8
18.Qf7xh5 Kg8
19.Bd3h7 Kh8
20.Ng5f7 
1-0

[Event "Tourn. n9216"]
[Site "www.chess-mail.com"]
[Date "2017.02.17"]
[Round "1"]
[White "Yaw1"]
[Black "Geretree"]
[WhiteElo "2149"]
[BlackElo "1860"]
[Result "0-1"]
[Round "1"]
1.d4 d5
2.c4 dxc4
3.Nb1c3 Bc8f5
4.g3 e5
5.Qd1a4 Qd8d7
6.Qa4xc4 exd4
7.Nc3b5 Nb8c6
 { time }
0-1

[Event "Tourn. n9223"]
[Site "www.chess-mail.com"]
[Date "2017.02.17"]
[Round "1"]
[White "Lightning"]
[Black "Powerchess"]
[WhiteElo "1499"]
[BlackElo "1500"]
[Result "1-0"]
[Round "1"]
1.d4 Ng8f6
2.c4 e6
3.Nb1c3 Bf8b4
4.Qd1c2 O-O
5.Ng1f3 b6
6.e4 Bc8b7
7.Bf1d3 h6
8.e5 Nf6e8
9.O-O Bb7xf3
10.gxf3 d5
11.cxd5 exd5
12.Kh1 Nb8d7
13.Rf1g1 Bb4xc3
14.bxc3 c5
15.Bc1xh6 { resign }
1-0

[Event "Tourn. n9233"]
[Site "www.chess-mail.com"]
[Date "2017.02.17"]
[Round "1"]
[White "Pdebonis"]
[Black "Jose"]
[WhiteElo "2440"]
[BlackElo "2780"]
[Result "1/2-1/2"]
[Round "1"]
1.e4 c5
2.Ng1f3 d6
3.d4 cxd4
4.Nf3xd4 Ng8f6
5.Nb1c3 a6
6.Bc1g5 Nb8d7
7.Bf1e2 Qd8c7
8.O-O e6
9.a4 b6
10.Qd1d3 Bc8b7
11.Rf1d1 h6
12.Bg5xf6 Nd7xf6
13.Qd3g3 Ra8c8
14.a5 b5
15.Nd4xb5 axb5
16.a6 Nf6xe4
17.Be2xb5 Bb7c6
18.Qg3f3 f5
19.a7 Ke7
20.Bb5xc6 Qc7xc6
21.Rd1d4 g5
22.Nc3xe4 fxe4
23.Qf3b3 Bf8g7
24.Rd4b4 Rc8a8
25.Rb4b6 Qc6c5
26.Rb6b5 Qc5c8
27.Rb5b7 Kf6
28.Qb3b4 Qc8c6
29.Qb4d4 e5
30.Qd4b4 Rh8d8
31.Qb4b3 Rd8f8
32.h3 Kg6
33.Qb3e6 Bg7f6
34.Rb7d7 Qc6xc2
35.b4 Qc2d3
36.b5 e3
37.fxe3 e4
38.b6 Qd3xe3
39.Kh1 Ra8e8
40.Qe6xd6 Qe3c3
41.Ra1g1 e3
42.b7 e2
43.Rd7c7 Qc3d4
{ draw }
1/2-1/2

[Event "Tourn. n9217"]
[Site "www.chess-mail.com"]
[Date "2017.02.17"]
[Round "1"]
[White "Vasylpuzanov"]
[Black "Autmich"]
[WhiteElo "1510"]
[BlackElo "1680"]
[Result "1-0"]
[Round "1"]
1.e3 e5
2.d4 d6
3.c4 exd4
4.exd4 Ng8f6
5.Bc1e3 Bc8f5
6.Nb1c3 Nb8c6
7.Ng1f3 Bf8e7
8.Bf1d3 O-O
9.O-O Rf8e8
10.Bd3xf5 { resign }
1-0

[Event "Tourn. n9223"]
[Site "www.chess-mail.com"]
[Date "2017.02.17"]
[Round "1"]
[White "Cal"]
[Black "Lightning"]
[WhiteElo "1640"]
[BlackElo "1499"]
[Result "0-1"]
[Round "1"]
1.c4 Ng8f6
2.Nb1c3 e5
3.e4 Bf8c5
4.a3 d6
5.h3 O-O
6.Ng1f3 Nb8c6
7.d3 Bc8e6
8.Bc1g5 h6
9.Bg5h4 a6
10.Bf1e2 g5
11.Bh4g3 Nf6h5
12.O-O Nh5xg3
13.b4 Bc5a7
14.Rf1e1 Ng3xe2
15.Nc3xe2 Qd8d7
16.Qd1d2 f5
17.exf5 Rf8xf5
18.Ne2g3 Rf5f4
19.Ng3h5 Rf4xf3
20.gxf3 Qd7f7
21.Nh5g3 Be6xh3
22.Kh2 Bh3e6
23.Kg2 Nc6d4
24.Qd2d1 Ra8f8
25.Re1e3 Be6g4
26.fxg4 Qf7xf2
27.Kh3 Qf2xe3
28.Qd1h1 Rf8f3
29.Ra1g1 Nd4e2
30.Rg1g2 Rf3xg3
31.Rg2xg3 Qe3xg3

0-1

[Event "Tourn. n9178"]
[Site "www.chess-mail.com"]
[Date "2017.02.17"]
[Round "1"]
[White "Cal"]
[Black "Pachi"]
[WhiteElo "1540"]
[BlackElo "1530"]
[Result "0-1"]
[Round "1"]
1.c4 e5
2.e4 Ng8f6
3.Nb1c3 g6
4.a3 c5
5.b3 b6
6.Ng1f3 d6
7.h3 Bf8g7
8.d3 h6
9.Bf1e2 a6
10.O-O b5
11.cxb5 d5
12.exd5 Nf6xd5
13.Nc3e4 axb5
14.Ne4xc5 e4
15.Nc5xe4 Bg7xa1
16.Bc1d2 Ra8xa3
17.Qd1c2 f5
18.Ne4g3 O-O
19.Nf3e5 Ba1xe5
20.Qc2c5 Ra3xb3
21.d4 Be5xg3
22.fxg3 Rb3xg3
23.Bd2xh6 Rf8e8
24.Be2xb5 Re8e6
25.Bb5c4 Bc8b7
26.Bh6f4 Nb8a6
27.Qc5b5 Re6b6
28.Bc4xd5 Bb7xd5
29.Qb5a5 Rg3xg2
30.Kh1 Rg2a2
31.Kg1 Ra2xa5
{ resign }
0-1

[Event "Tourn. n9217"]
[Site "www.chess-mail.com"]
[Date "2017.02.17"]
[Round "1"]
[White "Cal"]
[Black "Pachi"]
[WhiteElo "1640"]
[BlackElo "1520"]
[Result "0-1"]
[Round "1"]
1.Nb1c3 e5
2.e4 b6
3.d3 d6
4.h3 f5
5.exf5 Bc8xf5
6.Ng1f3 h6
7.Bf1e2 Nb8c6
8.a3 d5
9.O-O e4
10.dxe4 dxe4
11.Nf3h2 Qd8f6
12.Be2g4 g5
13.Nc3d5 Qf6e5
14.Bg4xf5 Bf8d6
15.Nd5xc7 Bd6xc7
16.Qd1d7 Kf8
17.Rf1e1 Nc6d4
18.Nh2g4 Nd4xc2
19.Re1xe4 Ra8d8
20.Qd7c6 Rd8d1
{ resign }
0-1

[Event "Tourn. n9216"]
[Site "www.chess-mail.com"]
[Date "2017.02.17"]
[Round "1"]
[White "Nulladies"]
[Black "Yaw1"]
[WhiteElo "1750"]
[BlackElo "1809"]
[Result "1-0"]
[Round "1"]
1.d4 Ng8f6
2.Bc1f4 Nf6d5
3.Bf4g3 g6
4.Ng1f3 e6
5.e3 b6
6.c4 Nd5b4
7.a3 Nb4c6
8.Nb1c3 Bc8b7
9.Bf1e2 d6
10.d5  { time }
1-0

[Event "Tourn. n9164"]
[Site "www.chess-mail.com"]
[Date "2017.02.17"]
[Round "1"]
[White "Arerax"]
[Black "Balbyns"]
[WhiteElo "1339"]
[BlackElo "1659"]
[Result "0-1"]
[Round "1"]
1.e4 c5
2.Bf1c4 e6
3.Ng1f3 d5
4.exd5 exd5
5.Bc4b5 Bc8d7
6.Qd1e2 Qd8e7
7.Bb5xd7 Nb8xd7
8.Qe2xe7 Bf8xe7
9.O-O Be7f6
10.Rf1e1 Ng8e7
11.d3 O-O
12.Bc1f4 Rf8e8
13.Nb1d2 Ne7c6
14.Re1xe8 Ra8xe8
15.Ra1e1 Re8xe1
16.Nf3xe1 Bf6xb2
17.Bf4d6 Bb2c3
18.Ne1f3 Bc3xd2
19.Nf3xd2 Nc6b4
20.Nd2b3 b6
21.d4 Nb4xc2
22.dxc5 bxc5
23.Bd6xc5 Nd7xc5
24.Nb3xc5 f6
25.Kf1 Kf7
26.Ke2 Ke7
27.Kd2 Nc2d4
28.a4 Kd6
29.Nc5d3 Nd4b3
30.Kc3 Nb3c5
31.Nd3xc5 Kxc5
32.g4 a5
33.f4 d4
34.Kd3 Kd5
35.h3 g6
36.h4 h6
37.g5 fxg5
38.hxg5 hxg5
39.fxg5 Kc5
40.Ke4 Kc4
41.Ke5 d3
42.Kf6 d2
43.Kxg6 d1Q
44.Kh7 Qd1h5
{ resign }
0-1

[Event "Tourn. n9046"]
[Site "www.chess-mail.com"]
[Date "2017.02.17"]
[Round "1"]
[White "Julian"]
[Black "Taxrama"]
[WhiteElo "1970"]
[BlackElo "1800"]
[Result "1-0"]
[Round "1"]
1.e4 e5
2.Ng1f3 Nb8c6
3.d4 d6
4.Bf1b5 a6
5.Bb5xc6 bxc6
6.dxe5 d5
7.exd5 cxd5
8.O-O c6
9.Bc1g5 Bf8e7
10.Bg5xe7 Qd8xe7
11.Nb1c3 Qe7e6
12.Nf3d4 Qe6g6
13.Qd1f3 Bc8e6
14.Nd4xc6 Ra8c8
15.Nc3xd5 Be6xd5
16.Qf3xd5 Qg6xc6
17.c4 Qc6xc4
18.Qd5f3 Qc4d4
19.Ra1d1 Qd4xb2
20.Qf3d5 Qb2b8
21.Rf1e1 Ng8e7
22.Qd5d7 Kf8
23.e6 f6
24.Rd1c1 Rc8d8
25.Qd7a4 Qb8b7
26.h4 h5
27.Rc1c3 Rh8h6
28.g3 Qb7a7
29.Qa4f4 a5
30.Rc3c7 Qa7b8
31.Re1c1 Ne7d5
32.Rc7f7 Kg8
33.Qf4xb8 Rd8xb8
34.Rc1c5 Nd5b4
35.Rf7a7 Kh7
36.Ra7xa5 Nb4d3
37.Rc5c7 Rh6g6
38.Ra5xh5 Kg8
39.Rh5d5 Nd3f4
40.Rd5d6 f5
41.Rc7c6 Rb8e8
42.Kh2 Rg6xe6
43.gxf4 Re6e2
44.Kg3 Re2xa2
45.Rc6c7 Ra2a3
46.Kg2 Re8e4
47.Rd6g6 Kf8
48.Rg6xg7 Re4xf4
49.Rg7h7 Kg8
50.Rc7g7 Kf8
51.Rg7b7 Ra3a8
52.Rh7h8 { resign }
1-0

[Event "Tourn. n9100"]
[Site "www.chess-mail.com"]
[Date "2017.02.17"]
[Round "1"]
[White "Ditto"]
[Black "Pariolinius"]
[WhiteElo "1840"]
[BlackElo "1870"]
[Result "0-1"]
[Round "1"]
1.e4 c5
2.Nb1c3 e6
3.Bf1b5 a6
4.Bb5a4 b5
5.Ba4xb5 axb5
6.Nc3xb5 Bc8a6
7.Nb5c3 Nb8c6
8.d3 Ng8f6
9.Bc1g5 Bf8e7
10.Ng1f3 O-O
11.Bg5e3 Qd8b6
12.Ra1b1 Ra8b8
13.O-O Qb6c7
14.Qd1d2 d6
15.Qd2d1 Nf6g4
16.Be3f4 e5
17.Bf4d2 Ba6c8
18.Nc3d5 Qc7d7
19.c3 Be7d8
20.a3 Qd7e6
21.Qd1a4 Nc6a5
22.c4 Bc8d7
23.Qa4d1 Na5b3
 { time }
0-1

[Event "Tourn. n9248"]
[Site "www.chess-mail.com"]
[Date "2017.02.17"]
[Round "1"]
[White "Caspito"]
[Black "Albertf"]
[WhiteElo "1870"]
[BlackElo "1790"]
[Result "1-0"]
[Round "1"]
1.e4 e5
2.Ng1f3 Nb8c6
3.Bf1c4 Nc6d4
4.c3 Nd4xf3
5.Qd1xf3 Qd8f6
6.Qf3f5 d6
7.Bc4xf7 Qf6xf7
8.Qf5xf7 Kxf7
9.d4 c6
10.O-O Ng8f6
11.Rf1e1 Bf8e7
12.Nb1d2 Rh8f8
13.Nd2c4 exd4
14.cxd4 Bc8e6
15.Nc4a5 Ra8b8
16.b3 d5
17.e5 Be7b4
18.Re1e3 Bb4xa5
19.Bc1a3 Rf8e8
20.exf6 gxf6
21.h3 Re8g8
22.g4 Rg8g6
23.f4 Be6d7
24.Re3e7 { resign }
1-0

[Event "Tourn. n9208"]
[Site "www.chess-mail.com"]
[Date "2017.02.17"]
[Round "1"]
[White "Falcoale"]
[Black "Winston"]
[WhiteElo "1870"]
[BlackElo "1800"]
[Result "1-0"]
[Round "1"]
1.e4 e6
2.d4 d5
3.exd5 exd5
4.Ng1f3 Bf8d6
5.Bf1e2 Ng8f6
6.O-O O-O
7.Bc1g5 Bc8f5
8.Nb1c3 c6
9.Nf3e5 h6
10.Bg5h4 Rf8e8
11.f4 Re8e6
12.Be2h5 g6
13.Bh5f3 Nb8d7
14.g4 Bf5xg4
15.Bf3xg4 { resign }
1-0

[Event "Tourn. n9239"]
[Site "www.chess-mail.com"]
[Date "2017.02.17"]
[Round "1"]
[White "Battlechess"]
[Black "Autmich"]
[WhiteElo "1490"]
[BlackElo "1670"]
[Result "1-0"]
[Round "1"]
1.d4 Ng8f6
2.Bc1g5 e6
3.e4 Bf8e7
4.Nb1c3 Be7b4
5.Bf1d3 O-O
6.Ng1e2 h5
7.e5 { resign }
1-0

[Event "Tourn. n9178"]
[Site "www.chess-mail.com"]
[Date "2017.02.17"]
[Round "1"]
[White "Vasylpuzanov"]
[Black "Cal"]
[WhiteElo "1420"]
[BlackElo "1530"]
[Result "1-0"]
[Round "1"]
1.e4 e5
2.f4 exf4
3.Ng1f3 d6
4.d4 a6
5.Bc1xf4 h6
6.Bf1c4 b5
7.Bc4b3 Ng8f6
8.Nb1d2 Bc8g4
9.O-O Nb8c6
10.h3 Bg4xf3
11.Nd2xf3 Bf8e7
12.e5 dxe5
13.Bf4xe5 Nf6e4
14.Qd1e1 Ne4g5
15.Nf3xg5 O-O
16.Ng5xf7 Qd8b8
17.Qe1e4 Nc6xe5
18.Nf7xe5 Kh8
19.Ne5g6 { resign }
1-0

[Event "Tourn. n9137"]
[Site "www.chess-mail.com"]
[Date "2017.02.17"]
[Round "1"]
[White "Louis"]
[Black "Genius3"]
[WhiteElo "1950"]
[BlackElo "1870"]
[Result "1-0"]
[Round "1"]
1.d4 d5
2.c4 c6
3.Nb1c3 e6
4.e3 Ng8f6
5.Ng1f3 Bf8d6
6.Qd1c2 O-O
7.a3 Nb8d7
8.Bf1e2 Rf8e8
9.O-O Nd7f8
10.e4 Nf6xe4
11.Nc3xe4 dxe4
12.Qc2xe4 Nf8g6
13.Bc1g5 Bd6e7
14.Bg5xe7 Qd8xe7
15.Nf3e5 Ng6xe5
16.dxe5 Qe7c7
17.Ra1d1 b6
18.Be2f3 Bc8b7
19.Rd1d6 Ra8b8
20.Qe4f4 c5
21.Rf1d1 Bb7xf3
22.Rd6d7 { resign }
1-0

[Event "Tourn. n9248"]
[Site "www.chess-mail.com"]
[Date "2017.02.17"]
[Round "1"]
[White "Albertf"]
[Black "Cal"]
[WhiteElo "1790"]
[BlackElo "1710"]
[Result "0-1"]
[Round "1"]
1.d4 d5
2.c4 dxc4
3.e3 e6
4.Bf1xc4 Nb8c6
5.Ng1f3 h6
6.Nb1c3 Bf8b4
7.Bc1d2 Bc8d7
8.O-O Bb4xc3
9.Bd2xc3 a6
10.Qd1c2 Ng8f6
11.Rf1d1 O-O
12.Nf3e5 Nc6e7
13.Qc2b3 b5
14.Bc4e2 Ne7d5
15.Bc3a5 Bd7e8
16.Ra1c1 Qd8d6
17.Rc1c6 Be8xc6
{ resign }
0-1

[Event "Match"]
[Site "www.echecsemail.com"]
[Date "2017.02.17"]
[Round "1"]
[White "Mihaiiorga"]
[Black "Iko"]
[WhiteElo "1199"]
[BlackElo "1640"]
[Result "1-0"]
[Round "1"]
1.Ng1f3 Nb8c6
2.e4 e5
3.Bf1b5 Ng8e7
4.Nb1c3 a6
5.Bb5c4 b5
6.Bc4b3 d6
7.h3 b4
8.Nf3g5 bxc3
9.Bb3xf7 Kd7
10.Ng5e6 Ra8b8
11.Ne6xd8 cxb2
12.Bc1xb2 Rb8xb2
13.Nd8xc6 Kxc6
14.Bf7e8 Bc8d7
15.Be8xd7 Kxd7
16.O-O Ne7c6
17.c3 Nc6a5
18.Qd1a4 Na5c6
19.d4 a5
20.d5 Kc8
21.dxc6 Rb2e2
22.Qa4b5 Re2xe4
23.Qb5d5 Re4e2
24.Qd5e6 Kb8
25.Ra1b1 Ka7
26.Qe6c8 Re2xa2
27.Qc8b7 
1-0

[Event "Match"]
[Site "www.echecsemail.com"]
[Date "2017.02.17"]
[Round "1"]
[White "Momahony"]
[Black "Canario"]
[WhiteElo "1699"]
[BlackElo "1800"]
[Result "1-0"]
[Round "1"]
1.d4 d5
2.Ng1f3 Nb8c6
3.Bc1f4 Ng8f6
4.e3 Bc8g4
5.h3 Bg4xf3
6.Qd1xf3 e6
7.c3 Bf8d6
8.Bf1e2 Nf6e4
9.O-O Qd8f6
10.Rf1d1 Bd6xf4
11.exf4 O-O
12.Nb1d2 Ne4xd2
13.Rd1xd2 Nc6e7
14.Be2d3 a6
15.Ra1e1 Ra8e8
16.Rd2e2 Ne7f5
17.g3 b5
18.a3 Re8c8
19.Re2e5 Nf5d6
20.g4 Nd6c4
21.Re5e2 c5
22.g5 Qf6e7
23.h4 g6
24.f5 cxd4
25.cxd4 gxf5
26.Qf3f4 Nc4d6
27.f3 Rf8e8
28.Kh2 Re8f8
29.h5 f6
30.Re2xe6 fxg5
31.Qf4xd6 Qe7xd6
32.Re6xd6 g4
33.fxg4 fxg4
34.Re1e7 Rf8f2
35.Kg1 Rc8f8
36.Bd3xh7 Kh8
37.Bh7d3 Rf2f7
38.Re7xf7 Rf8xf7
39.Rd6xd5 Rf7g7
40.Rd5d6 Rg7g5
41.Rd6h6 Kg7
42.Rh6g6 Rg5xg6
43.hxg6 { resign }
1-0

[Event "Match"]
[Site "www.echecsemail.com"]
[Date "2017.02.17"]
[Round "1"]
[White "Jobeye"]
[Black "Gambitmiau"]
[WhiteElo "1920"]
[BlackElo "1940"]
[Result "0-1"]
[Round "1"]
1.e4 Nb8c6
2.b3 Ng8f6
3.Qd1e2 d6
4.Bc1b2 e5
5.Ng1f3 Bc8g4
6.h3 Bg4e6
7.d3 d5
 { time }
0-1

[Event "Match"]
[Site "www.echecsemail.com"]
[Date "2017.02.17"]
[Round "1"]
[White "Whitekknight"]
[Black "Forest"]
[WhiteElo "1900"]
[BlackElo "1760"]
[Result "1/2-1/2"]
[Round "1"]
1.e4 d6
2.d4 Ng8f6
3.Nb1c3 g6
4.Bc1g5 Bf8g7
5.e5 Nf6g4
6.h3 Ng4h6
7.Bf1d3 Nh6f5
8.Ng1f3 h6
9.Bg5d2 dxe5
10.dxe5 O-O
11.O-O Nb8c6
12.Rf1e1 e6
13.Bd2f4 a6
14.Nc3e4 b6
15.Qd1d2 Bc8b7
16.Qd2c3 Nf5e7
17.Ra1d1 Ne7d5
18.Qc3d2 Nd5xf4
19.Qd2xf4 Qd8e7
20.c3 Rf8d8
21.Ne4f6 Kh8
22.Nf6g4 Nc6b8
23.Re1e3 Kh7
24.Re3e1 c5
25.Ng4f6 Bg7xf6
26.exf6 Qe7f8
27.Nf3e5 Nb8c6
28.Ne5g4 h5
29.Ng4e5 Nc6xe5
30.Re1xe5 Kg8
31.Qf4g3 Rd8d5
32.Re5xd5 Bb7xd5
33.c4 Bd5b7
34.Qg3c7 Qf8c8
35.Qc7e7 Qc8c6
36.f3 Ra8e8
{ draw }
1/2-1/2

[Event "Match"]
[Site "www.echecsemail.com"]
[Date "2017.02.17"]
[Round "1"]
[White "Pdebonis"]
[Black "Jesmantiz"]
[WhiteElo "2049"]
[BlackElo "2180"]
[Result "1-0"]
[Round "1"]
1.e4 c6
2.d4 e6
3.Nb1c3 g6
4.Ng1f3 Bf8g7
5.h4 h6
6.Bc1f4 d6
7.Qd1d2 Nb8d7
8.Bf4xd6 b5
9.d5 exd5
10.exd5 b4
11.Qd2e3 Ng8e7
12.dxc6 bxc3
13.c7 O-O
14.cxd8Q cxb2
15.Qd8xf8 Nd7xf8
16.Ra1b1 Ne7f5
17.Qe3e4 Bg7c3
18.Nf3d2 Nf5xd6
19.Qe4xa8 Bc8e6
20.Qa8c6 Bc3e5
21.c3 Be6d7
22.Qc6d5 Be5xc3
23.Qd5xd6 Bd7e6
24.Qd6c5 Bc3g7
25.Bf1c4 Be6f5
26.Qc5e7 Nf8e6
27.Qe7e8 Kh7
28.Qe8xf7 { resign }
1-0

[Event "Match"]
[Site "www.echecsemail.com"]
[Date "2017.02.17"]
[Round "1"]
[White "Forest"]
[Black "Stevep84"]
[WhiteElo "1760"]
[BlackElo "2270"]
[Result "0-1"]
[Round "1"]
1.e4 c6
2.d4 d5
3.exd5 cxd5
4.c4 Ng8f6
5.Nb1c3 Nb8c6
6.cxd5 Nf6xd5
7.Bf1c4 Nd5b6
8.Bc4b5 e6
9.Ng1e2 Bf8e7
10.O-O O-O
11.Bb5xc6 bxc6
12.b3 Bc8b7
13.Bc1b2 Nb6d5
14.Nc3xd5 Qd8xd5
15.Ne2c3 Qd5g5
16.f4 Qg5g6
17.Qd1e2 Ra8d8
18.Ra1e1 Rd8xd4
19.f5 Qg6g5
20.fxe6 c5
21.exf7 Kh8
22.Rf1f2 Rd4g4
23.g3 Rg4xg3
24.hxg3 Qg5xg3
25.Kf1 Qg3h3
26.Rf2g2 Qh3h1
27.Rg2g1 Rf8xf7
{ resign }
0-1

[Event "Match"]
[Site "www.echecsemail.com"]
[Date "2017.02.17"]
[Round "1"]
[White "Billyg"]
[Black "Curtis73"]
[WhiteElo "1670"]
[BlackElo "1719"]
[Result "0-1"]
[Round "1"]
1.e4 d5
2.exd5 Qd8xd5
3.Nb1c3 Qd5d6
4.h3 Ng8f6
5.Bf1e2 a6
6.d4 g6
7.g3 Bf8g7
8.Bc1f4 Qd6d8
9.Ng1f3 Nb8c6
10.d5 Nc6b4
11.a3 Nb4xd5
12.Nc3xd5 Nf6xd5
13.O-O Bc8xh3
14.Rf1e1 Nd5xf4
15.Qd1xd8 Ra8xd8
16.c3 Nf4xe2
17.Re1xe2 Bh3g4
18.Re2e3 Bg4xf3
19.Re3xf3 Rd8d2
20.Ra1e1 e6
21.b4 O-O
22.Rf3f4 Bg7xc3
23.Re1c1 Bc3e5
24.Rf4c4 Rf8d8
25.Rc4e4 Be5d4
26.Kh1 Bd4xf2
27.Rc1xc7 Bf2xg3
28.Rc7xb7 Rd8c8
{ resign }
0-1

[Event "Match"]
[Site "www.echecsemail.com"]
[Date "2017.02.17"]
[Round "1"]
[White "Fangshuo"]
[Black "Osvalazo"]
[WhiteElo "2000"]
[BlackElo "1800"]
[Result "1-0"]
[Round "1"]
1.e4 e5
2.Ng1f3 Nb8c6
3.Bf1b5 Nc6d4
4.Nf3xe5 Nd4xb5
5.Ne5xf7 Kxf7
6.Qd1h5 g6
7.Qh5xb5 Ng8f6
8.Nb1c3 c6
9.Qb5b3 Kg7
10.O-O b5
11.e5 Nf6e8
12.f4 Bc8a6
13.Nc3e4 b4
14.Rf1f3 Qd8b6
15.Kh1 Ba6b7
16.Rf3h3 Qb6b5
17.d3 c5
18.Ne4g5 d5
19.exd6 Bf8xd6
20.Qb3f7 { resign }
1-0

[Event "Match"]
[Site "www.echecsemail.com"]
[Date "2017.02.17"]
[Round "1"]
[White "Liencam2"]
[Black "Milkyway"]
[WhiteElo "2340"]
[BlackElo "1920"]
[Result "1-0"]
[Round "1"]
1.e4 e5
2.Ng1f3 Ng8f6
3.Nb1c3 Nb8c6
4.Bf1b5 Bf8b4
5.Bb5xc6 dxc6
6.Nf3xe5 Qd8d4
7.Ne5d3 Bb4xc3
8.bxc3 Qd4xe4
9.Qd1e2 Qe4xe2
10.Kxe2 Bc8f5
11.Bc1a3 Bf5xd3
12.cxd3 O-O-O
13.d4 Rh8e8
14.Kf3 Nf6e4
15.g3 Ne4xd2
16.Kg2 Nd2e4
17.Ra1c1 Ne4d6
18.Rh1e1 Kd7
19.c4 Re8xe1
20.Rc1xe1 Rd8e8
21.Re1xe8 Kxe8
22.c5 Nd6b5
23.Ba3b2 f6
24.a4 { resign }
1-0

[Event "Match"]
[Site "www.echecsemail.com"]
[Date "2017.02.17"]
[Round "1"]
[White "Jobeye"]
[Black "Redapond1"]
[WhiteElo "2419"]
[BlackElo "2079"]
[Result "0-1"]
[Round "1"]
1.g4 d5
2.Bf1g2 Bc8xg4
3.c4 d4
4.Bg2xb7 Nb8d7
5.Bb7xa8 Qd8xa8
6.f3 Bg4f5
7.Qd1a4 Ng8f6
8.d3 e5
9.Bc1g5 Bf8e7
10.Nb1d2 O-O
11.h4 h6
12.Bg5xf6 Be7xf6
13.b4 Nd7b6
14.Qa4b5 Bf5g4
15.Rh1h2 Bg4d7
16.Qb5a5 Bf6d8
17.Qa5xe5 Bd8f6
18.Qe5xc7 Qa8c8
19.Qc7xa7 Bd7e6
20.Qa7xb6 Qc8b8
21.Qb6xb8 Rf8xb8
22.b5 Kh7
23.Nd2e4 Bf6e5
24.Rh2g2 f5
25.Ne4c5 Be6f7
26.Nc5d7 Rb8e8
27.Nd7xe5 Re8xe5
28.a4 f4
29.Rg2g4 g5
30.hxg5 h5
31.Rg4g2 Kg6
32.b6 Re5e8
 { time }
0-1

[Event "Match"]
[Site "www.echecsemail.com"]
[Date "2017.02.17"]
[Round "1"]
[White "Cal"]
[Black "Azorau"]
[WhiteElo "1700"]
[BlackElo "1820"]
[Result "0-1"]
[Round "1"]
1.c4 e5
2.e4 Ng8f6
3.d3 Bf8b4
4.Bc1d2 a5
5.Bd2xb4 axb4
6.a3 Qd8e7
7.Nb1d2 bxa3
8.b3 Qe7b4
9.g3 Nb8c6
10.Bf1e2 Nc6d4
11.Ng1f3 d6
12.O-O Bc8g4
13.Nf3h4 Bg4xe2
14.Qd1e1 Be2xd3
15.f3 Bd3xf1
16.Kxf1 Nd4c2
17.Qe1e2 Nc2xa1
18.Kg2 a2
19.Qe2d1 Na1c2
{ resign }
0-1

[Event "1/64 Finale"]
[Site "www.chess-mail.com"]
[Date "2017.02.17"]
[Round "1"]
[White "Genius3"]
[Black "George1955"]
[WhiteElo "1860"]
[BlackElo "2740"]
[Result "0-1"]
[Round "1"]
1.e4 e5
2.Ng1f3 Nb8c6
3.Bf1b5 a6
4.Bb5xc6 dxc6
5.d4 exd4
6.Qd1xd4 Qd8xd4
7.Nf3xd4 Bc8d7
8.Nb1c3 O-O-O
9.Bc1e3 Bf8b4
10.Nd4e2 Ng8e7
11.O-O-O Ne7g6
12.a3 Bb4e7
13.f4 Rh8e8
14.e5 b6
15.g3 c5
16.Nc3e4 f6
17.exf6 Be7xf6
18.Ne4xf6 gxf6
19.Rd1d3 c4
20.Rd3c3 Ng6e7
21.Kb1 Ne7d5
{ resign }
0-1

[Event "1/128 Finale"]
[Site "www.chess-mail.com"]
[Date "2017.02.17"]
[Round "1"]
[White "Surprise"]
[Black "Mihaiiorga"]
[WhiteElo "1809"]
[BlackElo "1199"]
[Result "0-1"]
[Round "1"]
1.d4 d5
2.c4 dxc4
3.e4 e6
4.Bf1xc4 Ng8f6
5.Nb1c3 Bf8b4
6.e5 Nf6d5
7.Ng1e2 c5
 { time }
0-1

[Event "1/8 Finale"]
[Site "www.chess-mail.com"]
[Date "2017.02.17"]
[Round "1"]
[White "Asoka"]
[Black "Nimzo"]
[WhiteElo "2730"]
[BlackElo "2690"]
[Result "1/2-1/2"]
[Round "1"]
1.c4 e6
2.Nb1c3 d5
3.d4 Bf8e7
4.Ng1f3 Ng8f6
5.Bc1f4 O-O
6.Ra1c1 c5
7.dxc5 Be7xc5
8.e3 Nb8c6
9.a3 a6
10.cxd5 exd5
11.Bf1d3 Bc5a7
12.O-O d4
13.Nf3xd4 Nc6xd4
14.exd4 Qd8xd4
15.Bf4e3 Qd4h4
16.Be3xa7 Ra8xa7
17.Qd1c2 g6
18.g3 Qh4h3
19.Nc3e4 Nf6xe4
20.Bd3xe4 b5
21.Qc2c3 Qh3h6
22.Rf1e1 Bc8h3
{ draw }
1/2-1/2

[Event "Fast Game"]
[Site "www.echecsemail.com"]
[Date "2017.02.17"]
[Round "1"]
[White "Cal"]
[Black "Lucaschess"]
[WhiteElo "1680"]
[BlackElo "1599"]
[Result "0-1"]
[Round "1"]
1.Ng1f3 d5
2.d4 Ng8f6
3.Nb1c3 e6
4.a3 c5
5.dxc5 Bf8xc5
6.e3 O-O
7.Bc1d2 a6
8.Nc3a4 Bc5a7
9.b4 b5
10.Na4b2 Nb8d7
11.Bf1d3 Nd7b6
12.c3 Bc8d7
13.h3 Nb6c4
14.O-O Nc4xb2
15.Qd1e2 Nb2c4
16.Bd3xc4 bxc4
17.Nf3d4 Nf6e4
18.Bd2e1 Bd7a4
19.Qe2g4 a5
20.b5 Ba7xd4
21.exd4 Ba4xb5
22.a4 Bb5d7
23.f3 Ne4d6
24.Be1h4 Qd8e8
25.Bh4f6 Nd6f5
26.f4 Kh8
27.Rf1f3 gxf6
28.h4 Rf8g8
29.Qg4h5 Bd7xa4
30.g4 Ba4c2
31.Ra1a2 Bc2e4
32.Rf3f2 Qe8f8
33.g5 fxg5
34.hxg5 f6
35.Rf2h2 h6
36.g6 Qf8g7
37.Rh2h3 Qg7xg6
38.Qh5xg6 Rg8xg6
39.Kh2 Ra8g8
40.Rh3h5 Rg6g2
41.Ra2xg2 Rg8xg2
42.Kh3 Kh7
43.Rh5xh6 Nf5xh6
44.Kh4 Nh6f5
45.Kh3 Rg2g1
{ resign }
0-1

[Event "Fast Game"]
[Site "www.echecsemail.com"]
[Date "2017.02.17"]
[Round "1"]
[White "Yaw1"]
[Black "Piriot"]
[WhiteElo "1599"]
[BlackElo "1479"]
[Result "0-1"]
[Round "1"]
1.e4 e5
2.Ng1f3 Ng8f6
3.Nf3xe5 d6
4.Ne5f3 Nf6xe4
5.Qd1e2 Qd8e7
6.d3 Ne4f6
7.b3 Bc8g4
8.Qe2xe7 Bf8xe7
9.Nf3d4 c6
10.f3 Bg4d7
11.Bc1b2 Nb8a6
12.Nb1d2 O-O
13.g4 Nf6d5
14.O-O-O Nd5f4
15.Nd2e4 d5
16.Ne4f2 Be7f6
17.h4 c5
18.Nd4e2 Bf6xb2
19.Kxb2 Nf4xe2
20.Bf1xe2 Rf8e8
21.Rh1e1 Na6c7
22.a4 a5
23.c3 b5
24.Rd1c1 bxa4
 { time }
0-1

[Event "Tourn. n9229"]
[Site "www.chess-mail.com"]
[Date "2017.02.18"]
[Round "1"]
[White "Norlavuaram"]
[Black "Francesco"]
[WhiteElo "2160"]
[BlackElo "2010"]
[Result "1-0"]
[Round "1"]
1.e4 c6
2.d4 d5
3.Nb1d2 dxe4
4.Nd2xe4 Bc8f5
5.Ne4g3 Bf5g6
6.Ng1f3 e6
7.h4 h6
8.h5 Bg6h7
9.Bf1d3 Bh7xd3
10.Qd1xd3 Ng8f6
11.Bc1d2 Nb8d7
12.O-O-O Qd8b6
13.Kb1 O-O-O
14.c4 Bf8b4
15.Bd2c3 Nf6g4
16.Rh1f1 Ng4f6
17.a3 Bb4xa3
18.Rf1e1 Nf6g4
19.Re1e2 Ba3b4
20.Ng3e4 Bb4xc3
21.Qd3xc3 Ng4f6
22.Ne4d6 Kb8
23.Nd6xf7 Nf6xh5
24.Nf7xh8 Rd8xh8
25.Re2xe6 Nh5f4
26.Re6e7 Nd7f6
27.g3 Nf4h5
28.Nf3e5 Rh8d8
29.g4 Nf6e4
30.Qc3e3 Nh5f6
31.f3 Nf6g8
32.Ne5d7 { resign }
1-0